Ruedas

Enregistré dans:
Détails bibliographiques
Auteurs principaux: Owen, Wilfred (autor), Bowen, Ezra (Auteur)
Format: Livre
Langue:espagnol
Publié: Ciudad de México Offset Multicolor 1972
Collection:Colección Científica de Time-Life
Sujets:
Tags: Ajouter un tag
Pas de tags, Soyez le premier à ajouter un tag!

MARC

LEADER 00000nam a2200000 a 4500
001 UCU6752
003 CL-VaPUC
008 960621e19720000MX |||||||||||||||||spa|d
082 0 4 |a 629.248  |b OWE  |2 21 
100 |a Owen, Wilfred  |e autor  |9 359887 
700 0 |a Bowen, Ezra  |e author  |9 365113 
245 1 0 |a Ruedas 
300 |a 200 p 
942 |c BK 
945 |d 19960621 00:00:00  |a paguirre 
260 |a Ciudad de México  |b Offset Multicolor  |c 1972 
650 0 |a Ruedas de vehículos   |9 365114 
650 7 |a NEUMATICOS  |2 CL-VaPUC  |9 365115 
650 7 |a SISTEMAS DE SUSPENSION  |2 CL-VaPUC  |9 365116 
650 0 |a Vehículos de motor  |9 428686 
650 0 |a Piezas de vehículos   |9 365118 
583 |a last modification  |c 19960621 00:00:00  |k Rodrigo Vera 
490 0 |a Colección Científica de Time-Life 
999 |c 249570  |d 249568